Kto wtedy strzelił gola 5# - Statystyki

Ogólne statystyki
  • Ten quiz został rozwiązany 115 razy
  • Średni wynik to 10 z 15
Statystyki odpowiedzi
Mecz Kto trafił % Poprawnych
Rb Leipzig vs Bayern Monachium 2019/puchar/finał 0:1 Lewandowski
98%
Rb Leipzig vs Bayern Monachium 2019/puchar/finał 0:3 Lewandowski
98%
Borussia Dortmund vs Bayern Monachium 2013/LM/finał 1:2 Robben
89%
Bayern Monachium vs Barcelona 2013/LM 3:0 Robben
89%
Bayern Monachium vs Barcelona 2013/LM 1:0 Muller
81%
Bayern Monachium vs Barcelona 2013/LM 4:0 Muller
81%
Barcelona vs Real Madryt 2010 1:0 Xavi
72%
Barcelona vs Real Madryt 2010 3:0 Villa
60%
Barcelona vs Real Madryt 2010 4:0 Villa
60%
Borussia Dortmund vs Bayern Monachium 2013/LM/finał 1:1 Mandzukić
56%
Barcelona vs Real Madryt 2010 2:0 Pedro
55%
Borussia Dortmund vs Bayern Monachium 2013/LM/finał 1:0 Gundogan
54%
Rb Leipzig vs Bayern Monachium 2019/puchar/finał 0:2 Coman
47%
Bayern Monachium vs Barcelona 2013/LM 2:0 Gomez
35%
Barcelona vs Real Madryt 2010 5:0 Jeffren
20%
Nie znaleziono quizów pasujących do podanych kryteriów
Rozkład punktacji
Procent ludzi z każdym wynikiem
Percentyl według liczby udzielonych odpowiedzi
Twoja historia wyników
Nie rozwiązałeś tego quizu